Tvrz a zámek v Kuřívodech u Mimoně

Titel: Tvrz a zámek v Kuřívodech u Mimoně
Verfasser:
In: Bezděz, Band 9 (2000), Seite 43-72
alle Artikel anzeigen
Veröffentlicht: 2000
Format: Aufsatz
Sprache: Tschechisch
Kein Bild verfügbar
X
alg: 39306988
001A    $01999:11-11-16 
001B    $01999:22-05-21 $t21:56:05.000 
001C    $06050:19-11-16 $t22:31:02.000 
001D    $01999:11-11-16 
001U    $0utf8 
001X    $00 
002@    $0Aox 
003@    $0393069885 
007A    $0393069885 $aHEB 
007T    $0Herdp21791 
010@    $acze 
011@    $a2000 
021A    $aTvrz a zámek v Kuřívodech u Mimoně 
028A    $7133924920 $8Úlovec, Jiří$Z1957- [Tp1] $9194970418 
031A    $d9 $h43-72 $j2000 
037A    $aněm. res. 59-60: Feste und Schloß zu Kuřívody bei Mimoň 
039B    $aIn $8--Abvc--. Bezděz. - Česká Lípa, 1990-. - ISSN 1211-9172 $x200000000090000957 $905908720X 
045F    $a307.094371 $eDDC23BSB 
045F/01 $a307.09 
045F/03 $g4371 
045T    $a7,41 

lok: 39306988 78

exp: 39306988 78 1 #EPN
201B/01 $026-11-17 $t01:39:15.000 
201U/01 $0utf8 
203@/01 $0789180200 
208@/01 $a11-11-16 $be 
209A/01 $a/ $f000 $x00 
220C/01 $aTitelaufnehmer: rb 
220C/01 $aHerkunft: HÚ AV ČR Praha 
244Z/01 $#Tschechien $#Tschechische Republik $#Tschechische Republik $#Tschechenland $#Tschechei Tschechien $#Česká Republika $#Czech Republic $#ČR $74303381-7 $8--Tg1--Tschechien $x01 $9086659812 
244Z/01 $2Trx $#Böhmen $#Bohemia $#Czechy $8--Trx--Čechy $x02 $9391188941 
244Z/01 $2Trx $#Hühnerwasser Böhmisch Leipa $8--Trx--Kuřivody$gČeská Lípa $x03 $9391295039 
244Z/01 $aGeschichte 1277-1999 $x04 
244Z/01 $2Trx $#kindlus $#tvirtovės $#Fortresses $#erödítmények $#twierdze $#pevnosti $#pevnosti $#opevňovacie zariadenie $#tvrze $8--Trx--Festungen $x05 $9391369016 
244Z/01 $2Trx $#lossid ja paleed $#pilys ir rūmai $#Castles and palaces $#kastélyok és paloták $#zamki i pałace $#zámky a paláce $#zámky a paláce $#Paläste $#Architektur Schlösser $#pałace $#paláce $#paláce $8--Trx--Schlösser und Paläste $x06 $9391360531 
244Z/01 $2Trx $8--Trx--Zeitschriftenaufsatz $x07 $9391384341 
245Z/01 $a13.03 $x01 
245Z/01 $a11.11 $x02 
247C/01 $82080>Marburg/Lahn, Herder-Institut, Forschungsbibliothek, Bibliographieportal $9336309341
LEADER 00000caa a22000002c 4500
001 393069885
003 DE-603
005 20210522215605.0
007 tu
008 161111s2000 xx |||| | u00||u|cze c
035 |a (DE-599)HEB393069885 
040 |a DE-603  |b ger  |c DE-603  |d DE-603 
041 |a cze 
082 0 4 |8 1\u  |a 307.094371  |q DE-101  |2 23/BSB 
084 |a 7,41  |2 ssgn 
085 |8 1\u  |b 307.09 
085 |8 1\u  |z 2  |s 4371 
100 1 |a Úlovec, Jiří  |d 1957-  |0 (DE-603)194970418  |0 (DE-588)133924920  |2 gnd 
245 0 0 |a Tvrz a zámek v Kuřívodech u Mimoně 
264 0 |c 2000 
500 |a něm. res. 59-60: Feste und Schloß zu Kuřívody bei Mimoň 
773 0 8 |i In  |t Bezděz  |d Česká Lípa, 1990-  |x 1211-9172  |g Band 9 (2000), Seite 43-72  |w (DE-603)05908720X  |w (DE-600)1136222-4 
924 0 |9 2080  |a (DE-603)789180200  |b DE-2080  |c HES  |d d  |g /